Ecuaciones diferenciales, integrales múltiples, series, funciones de variable compleja /

Guardado en:
Autor Principal: Bugrov, IA. S.
Otros Autores: Nikol´skii, S. M. 1905-
Formato: Libro
Idioma:Spanish
Russian
Publicado: Moscú : Editorial Mir, c1985.
Series:Vysshaia matematika.
Etiquetas: Agregar Etiqueta
Sin Etiquetas, Sea el primero en etiquetar este registro!
LEADER 01033nam a22002175a 4500
001 MAT.inmabb003005
008 051018s1985####ru#a##########001#0#spa#d
005 20170518180127.0
245 1 0 |a Ecuaciones diferenciales, integrales múltiples, series, funciones de variable compleja /  |c Ya. S. Bugrov, S. M. Nikolski ; [versión española por A. I. Samojválov]. 
260 |a Moscú :  |b Editorial Mir,  |c c1985. 
300 |a 440 p. :  |b il. ;  |c 23 cm. 
490 1 |a Matemáticas superiores 
500 |a Traducción de: Differentsial´nye uravneniia, kratnye integraly, riady, funktsii kompleksnogo peremennogo. 
100 1 |a Bugrov, IA. S.  |q (IAkov Stepanovich) 
240 1 0 |a Differentsial´nye uravneniia, kratnye integraly, riady, funktsii kompleksnogo peremennogo.  |l Español 
700 1 |a Nikol´skii, S. M.  |q (Sergei Mikhailovich),  |d 1905- 
830 0 |a Vysshaia matematika.  |l Español 
084 |a 00A06 (00A05)  |2 msc2000 
041 1 |a spa  |h rus 
859 |h 00A06  |i B931  |p A-5705  |b BIB. MATEMATICA 
859 |h 00A06  |i B931  |p A-7101  |t Ej. 2  |b BIB. MATEMATICA